Dizajn a architektúra automobilového interiéru

Salvato in:
Dettagli Bibliografici
Autore principale: Harich, Samuel (Autore)
Altri autori: Maukš, Filip (Relatore della tesi)
Natura: Manoscritto Libro
Lingua:slovacco
Pubblicazione: 2024
Soggetti:
Accesso online:http://is.stuba.sk/zp/portal_zp.pl?podrobnosti=162162
Tags: Aggiungi Tag
Nessun Tag, puoi essere il primo ad aggiungerne!!

MARC

LEADER 00000ntm a22000003a 4500
001 stuzp99838
003 SK-STU
005 20240615211608.4
007 ta
008 150427s2015----xo-----f-mn---000-0-slo-d
040 |a STU  |b slo 
041 0 |a slo 
100 1 |a Harich, Samuel  |u 059190  |4 aut  |U FAD Fakulta architektúry a dizajnu  |T FAD Ústav dizajnu  |X 110396  |U A9190  |Y 400  |7 110396 
242 0 1 |a Car interior design and architecture  |y eng 
245 1 0 |a Dizajn a architektúra automobilového interiéru 
260 |c 2024 
650 4 |a elektromobil  |2 slo 
650 4 |a budúcnosť  |2 slo 
650 4 |a videohry  |2 slo 
650 4 |a recreation  |2 eng 
650 4 |a electromoble  |2 eng 
650 4 |a gaming  |2 eng 
700 1 |a Maukš, Filip  |u 059190  |k Z1  |4 ths  |U FAD Fakulta architektúry a dizajnu  |T FAD Ústav dizajnu  |X 62180  |U A9190  |Y 400  |7 62180 
856 4 |u http://is.stuba.sk/zp/portal_zp.pl?podrobnosti=162162